Movies Quiz

Random Movies or Actor Quiz

You Know, THAT Guy (Actor Roles) Quiz Stats

 Plays Quiz Updated Oct 16, 2013

Support Sporcle.
Go Orange.
Score 0/20 Timer 05:00
1 Play Today
Mixed up roles Actor % Correct
You know, that guy who lives in an airport, stranded on an island, with a bunch of toys.Tom Hanks
92%
You know, that guy who chauffeurs in a prison and is also God.Morgan Freeman
87%
You know, that archaeologist who flies a spaceship and integrates baseball.Harrison Ford
85.3%
You know, that guy who does topiary on his tall ship in his candy factory.Johnny Depp
82.4%
You know, that guy who stands on his desk while playing a board game and granting wishes.Robin Williams
82.3%
You know, that guy who hunts Nazis and kills zombies while stealing money from a casino.Brad Pitt
76.2%
You know, that guy who spends one meeeelion dollars partying on with his talking donkey.Mike Myers
73.8%
You know, that guy who robs a train on a Russian sub while drinking a shaken martini.Sean Connery
72.9%
You know, that guy who solves crimes, flies in a metal suit and stars in silent films.Robert Downey Jr.
68.8%
You know, that guy who kills alien invaders while tracking fleeing aliens in the boxing ring.Will Smith
66.4%
Mixed up roles Actor % Correct
You know, that guy who rescues hostages from a Japanese sneak attack so that he can be the next Batman.Ben Affleck
65.7%
You know, that guy who flies his jet so he can be a spy and save his Marine clients.Tom Cruise
65.4%
You know, that guy who gets seduced so he can dress up like a lady and fight for custody of his son.Dustin Hoffman
65.3%
You know, that evil sheriff who shoots hostages so he can teach potions class.Alan Rickman
62.1%
You know, that guy who solves an assassination by hearing voices in a flooded world.Kevin Costner
58.4%
You know, that guy who sits on the Jedi Council, underwater, with a bunch of velociraptors.Samuel L. Jackson
58.1%
You know, that guy who goes to Congress to solve a murder and get his life back on Christmas Eve.Jimmy Stewart
57.6%
You know, that guy who skips school to fly his built-in helicopter to the African savannah.Matthew Broderick
53.4%
You know, that guy who plays pool in a burning skyscraper so he can train a young racecar.Paul Newman
50.5%
You know, that guy who tracks a convict, while dodging lava and helping to end slavery.Tommy Lee Jones
48.7%

You're not logged in!

Compare scores with friends on all Sporcle quizzes.
OR
Log In

From the Vault

Actors in Three Decades

by manonthemoon

Most of these actors have aged pretty well...others are named Nicolas Cage.
Remove Ads.
Support Sporcle.
Get the best of Sporcle when you Go Orange. This ad-free experience offers more features, more stats, and more fun while also helping to support Sporcle. Thank you for becoming a member.

Show Comments

Extras

Top Quizzes Today


Score Distribution

Your Account Isn't Verified!

In order to create a playlist on Sporcle, you need to verify the email address you used during registration. Go to your Sporcle Settings to finish the process.

Report this User

Report this user for behavior that violates our Community Guidelines.

Details: